01476nam a22003737a 4500003000500000005001700005008004100022010000800063011000900071035000800080040000900088090001000097100003400107245011600141260004200257300002300299500001100322502008400333590003700417590004100454590004100495590004100536590004200577650002800619650003700647650003600684901000700720942000900727949004000736949005300776999001300829952013300842952012700975CHAP20220329132936.0971013s1990 r 00010 d a498 a1470 a646 cCHAP aTesis00aLeyva Ruelas, Gabriel.966590 aAspecto de la biotecnología en la producción de inoculantes a partir de Rhizobium Leguminosarum bu phaseoli aMontecillo, Méx. :bEl autor,c1990 a129 h.b; gráfs. a36-215 aTesis (Maestro en Ciencias Esp. en Edafología) -- C.P. Centro de Edafología aALEPHb10c20130110lUCH01h1205 aBATCH-UPDb10c20130110lUCH01h1957 aBATCH-UPDb10c20130410lUCH01h1317 aBATCH-UPDb10c20130914lUCH01h0639 aCONVERSIONb10c20130109lUCH01h130214aBiotecnología.91287814aLegumbresxInoculación.96573214aRhizobium leguminosarum.997126 aBK cFOLL bBCcTESd-10102eTS1h22706i646si bBCcTESd33724000903431eTS2fc.2h22707i646si c498d498 00102local4053708TESISaBCbBCcPA_TESISd2019-12-31fTESISl0p33724000903431r2019-12-31 00:00:00tc.2w2019-12-31yTESIS 00102local4051708TESISaBCbBCcPA_TESISd2019-12-31fTESISl0oTesisp-10102r2019-12-31 00:00:00w2019-12-31yTESIS